Statistics for Northernmost Capital Cities

Click here to take the quiz!

General Stats

  • This quiz has been taken 79,307 times
  • The average score is 17 of 21

Answer Stats

LatitudeCapital% Correct
55.76Moscow
97%
59.95Oslo
97%
60.17Helsinki
94%
59.33Stockholm
94%
51.51London
93%
52.50Berlin
91%
64.13Reykjavik
90%
55.68Copenhagen
89%
52.37Amsterdam
86%
48.86Paris
86%
52.23Warsaw
86%
50.85Brussels
83%
53.35Dublin
82%
56.95Riga
80%
59.44Tallinn
79%
53.90Minsk
75%
50.45Kyiv
74%
54.68Vilnius
71%
50.08Prague
70%
49.61Luxembourg
68%
51.17Astana
45%

Score Distribution

Percentile by Number Answered

Percent of People with Each Score

Your Score History

You have not taken this quiz